Bordering the EU on a Map Quiz Stats

 Plays Quiz Updated Feb 13, 2019

Score 0/20 Timer 04:00
1 Play Today
% Correct
Russia
95%
Norway
94.9%
Turkey
94.2%
Switzerland
93%
Ukraine
92.9%
Vatican City
92.7%
Andorra
91.7%
Monaco
90.4%
Belarus
90.1%
Morocco
90%
% Correct
San Marino
89.3%
Brazil
86.2%
Serbia
85.9%
Albania
85.2%
North Macedonia
85%
Liechtenstein
84.3%
Bosnia and Herzegovina
83.4%
Moldova
82.9%
Montenegro
82.4%
Suriname
81.5%

You're not logged in!

Compare scores with friends on all Sporcle quizzes.
OR
Log In

Show Comments

Extras

Top Quizzes Today


Score Distribution

Your Account Isn't Verified!

In order to create a playlist on Sporcle, you need to verify the email address you used during registration. Go to your Sporcle Settings to finish the process.

Report this User

Report this user for behavior that violates our Community Guidelines.

Details: